10 krokov k radosti

Bibliographic Details
Main Author: Kašparů, Jaroslav Max, 1950- (Author)
Other Authors: Ličko, Peter, 1994- (Illustrator), Verešová, Zuzana (Translator)
Format: Book
Language:Slovak
Czech
PhysicalDescription:61 strán ilustrované listy 18 cm
Published: [Piešťany] BeneMedia 2020
ISBN:9788099907554
Edition:Prvé vydanie
Subjects:

MARC

LEADER 00000cam a2200000 4500
001 vtls011997355
003 SK-MaSNL
005 20260301230129.0
008 240210s2020 xo f gr 000 1 slo
015 |a SNBA2021/02 
020 |a 9788099907554  |q (brožované) 
035 |a urn:nbn:sk:snk-am00fbd7 
035 |a urn:nbn:sk:snk-am3iprj 
035 |a 2A5D4A89-BEDD-42E7-8746-E6B0331801B1 
040 |a SNK  |b slo  |c SNK  |e rda 
041 1 |a slo  |h cze 
044 |a xo  |c SK 
072 7 |a 27-4  |x Praktická teológia. Morálna teológia  |2 konspekt 
080 |a 27-4  |2 2011 
080 |a 27  |2 2011 
080 |a 17.02  |2 2011 
080 |a 17.022.1  |2 2011 
080 |a 17.023.34  |2 2011 
080 |a (0.062)  |2 2011 
080 |a (0:82-4)  |2 2011 
100 1 |a Kašparů, Jaroslav Max,  |d 1950-  |4 aut  |9 104338 
245 1 0 |a 10 krokov k radosti  |c Max Kašparů ; ilustrácie: Peter Ličko ; preklad: Zuzana Verešová 
246 3 0 |a Desať krokov k radosti 
250 |a Prvé vydanie 
264 1 |a [Piešťany]  |b BeneMedia  |c 2020 
300 |a 61 strán  |b ilustrované listy  |c 18 cm 
336 |a text  |b txt  |2 rdacontent 
336 |a statický obraz  |b sti  |2 rdacontent 
337 |a bez média  |b n  |2 rdamedia 
338 |a zväzok  |b nc  |2 rdacarrier 
500 |a Preložené pravdepodobne z češtiny 
500 |a Miesto vydania podľa NA ISBN 
650 0 7 |a kresťanský život  |2 SNKPH  |9 1808 
650 0 7 |a Christian life  |2 SNKPHeng  |9 265582 
650 0 7 |a kresťanská viera  |2 SNKPH  |9 1712 
650 0 7 |a Christian faith  |2 SNKPHeng  |9 266204 
650 0 7 |a zmysel života  |2 SNKPH  |9 4977 
650 0 7 |a Sense of life  |2 SNKPHeng  |9 270861 
650 0 7 |a Moral values  |2 SNKPHeng  |9 313773 
650 0 7 |a morálne hodnoty  |2 SNKPH  |9 67897 
650 0 7 |a Pleasure  |2 SNKPHeng  |9 335754 
650 0 7 |a radosť  |2 SNKPH  |9 68638 
655 7 |a populárno-náučné publikácie  |2 SNKPH  |9 70460 
655 7 |a Popular works  |2 SNKPHeng  |9 90287 
655 7 |a úvahy  |2 SNKPH  |9 29403 
655 7 |a Essays  |2 SNKPHeng  |9 267540 
700 1 |a Ličko, Peter,  |d 1994-  |4 ill  |9 373610 
700 1 |a Verešová, Zuzana  |4 trl  |9 400357 
919 |a 978-80-99907-55-4 
958 |a NT 
958 |a LX 
958 |a UP 
968 |b ČES 
999 |c 953602  |d 955532 
952 |a SNK  |b SNK  |y PREZ  |7 0  |p 17A1447468  |o snkSD 89528  |i snk2020/21952  |8 0  |0 0  |1 0  |4 0  |d 2020-12-04  |f 1  |l 0  |r 2026-02-24 09:55:40  |w 2026-02-24 
952 |a SNK  |b SNK  |y VYP  |7 0  |p 17A1447469  |o snkSD 89528 D1  |i snk2020/21953  |8 0  |0 0  |1 0  |4 0  |d 2020-12-04  |l 0  |r 2026-02-24 09:55:40  |w 2026-02-24